Score 0/51 Timer 05:00
0 Plays Today
Hint Answer % Correct
✦ Swimming arena ✦POOL
97.9%
One of 18 in golfHOLE
97.7%
Hammer, saw, e.g.TOOL
96.9%
✦ Residence ✦HOME
95.3%
Highway fareTOLL
95.3%
Opinion surveyPOLL
94.6%
Door chimeBELL
92.2%
✦ Engage in a sport ✦PLAY
91.8%
Monthly apartment feeRENT
91.5%
Cat weaponCLAW
90.9%
✦ Noggin ✦HEAD
89.6%
✦ Internet conversation ✦CHAT
88.3%
✦ Sphere ✦BALL
88.3%
Lacquered tinplate TOLE
88.2%
Matthews or AikenCLAY
87.8%
Leftward on mapWEST
86.8%
✦ Relax, repose ✦REST
85.5%
✦ Under the weather ✦SICK
85.1%
Funeral clothPALL
85.1%
Comprehend writingREAD
84.9%
Candle part that is litWICK
84.6%
Foot clothingSOCK
84.6%
Close and open one eyeWINK
84.3%
✦ Rear side ✦BACK
83.9%
High temperatureHEAT
83.4%
Smokeless tobaccoCHAW
80.4%
Hint Answer % Correct
✦ Launder ✦WASH
80.4%
✦ College housing unit ✦DORM
79.9%
Rip asunderREND
79.5%
✦ Poorly lit ✦DARK
79.2%
✦ Employment ✦WORK
77.3%
Great Baroque composerBACH
77%
✦ A soaking of the body ✦BATH
76.6%
Second gospelMARK
76.4%
A way to prepare potatoesMASH
75.8%
Udder nippleTEAT
73.7%
Shakespearean past tense of 'be'WAST
73.6%
Mindy's alien friendMORK
73.1%
Computer virusWORM
71.5%
Actor Rambo of 'Dallas'DACK
69.4%
Political expertWONK
69.2%
Demonstrative determinerTHAT
67.6%
Federal grant for studentsPELL
67.3%
Alice's turtle acquaintanceMOCK
66.6%
Austin ___ Univ. (TN)PEAY
56.6%
Loud clanging soundPEAL
56.5%
✦ Marriage partner ✦MATE
51.8%
RuinationDOOM
51.5%
RestrainBATE
46.7%
Emit microwave radiationMASE
46.1%
✦✦ COMMON BOND ✦✦ROOM
41.1%

Today's Daily Dose

Missing Word
Marvin Gaye Songs

Quick Pick
Movies of 2019

Get the Picture
Chinese Cities

You're not logged in!

Compare scores with friends on all Sporcle quizzes.
OR
Log In

Sporcle TV

Today on Sporcle TV


Watch our educational content, quiz creation guides, and fun videos on Sporcle TV.

Show Comments

Extras

Top Quizzes Today


Score Distribution

Your Account Isn't Verified!

In order to create a playlist on Sporcle, you need to verify the email address you used during registration. Go to your Sporcle Settings to finish the process.

Report this User

Report this user for behavior that violates our Community Guidelines.

Details: